000 01159nam0a22002651 4500
001 rc\4350708
005 20130416135612.7
021 _aRU
_bРг4182-70
035 _a(NLR Aleph) 008278426
090 _a8501067
_c8501067
100 _a20130416d1968 |||y0rusy50 ca
101 0 _arus
102 _aRU
105 _ay z |||||
200 1 _aЯкорные устройства и механизмы
_eМетод. пособие по курсовому проектированию, преддипломный курс "Судовые силовые установки"
_fМ-во реч. флота РСФСР. Новосиб. ин-т инженеров водного транспорта. Кафедра термодинамики и судовых силовых установок
210 _aНовосибирск
_cБ. и.
_d1968
215 _a[1], 28 с.
300 _aОтпеч. множит. аппаратом
320 _aБиблиогр.: с. 15
700 1 _aЕгоров
_bГ. Л.
_gГеоргий Леонидович
801 0 _aRU
_bNLR
_gpsbo
801 1 _aRU
_bELAR
_2rusmarc
852 _aNLR
_j69-4/36487
942 _cBOOK
980 _aNB